000 00557nam a2200169Ia 4500
005 20250923144957.0
008 008 250917s9999 xx 000 0 eng d
037 _aTextual
040 _aDSWL
_beng
_cDSWL
041 _aeng
_2eng
084 _aYX,zP:6-5, N54
_qDSWL
245 4 _aThe extension of legal services to the poor
_cby U.S. Dept. of Health Education Welfare
260 _aWashington
_bU.S. Dept. of Health Education Welfare
_c1964
300 _aIX,202 p.
942 _cTEXL
_hYX,zP:6-5, N54
999 _c1445594
_d1445594